High-power optically activated solid-state switches (Record no. 67976)

000 -LEADER
fixed length control field 00452nam a22001697a 4500
003 - CONTROL NUMBER IDENTIFIER
control field NUST - PNEC
005 - DATE AND TIME OF LATEST TRANSACTION
control field 20170116181037.0
008 - FIXED-LENGTH DATA ELEMENTS--GENERAL INFORMATION
fixed length control field 150919b xxu||||| |||| 00| 0 eng d
020 ## - INTERNATIONAL STANDARD BOOK NUMBER
International Standard Book Number 0890065071
040 ## - CATALOGING SOURCE
Transcribing agency LIBRARY
082 ## - DEWEY DECIMAL CLASSIFICATION NUMBER
Classification number 621.381537 ROS
100 ## - MAIN ENTRY--PERSONAL NAME
9 (RLIN) 11452
Personal name Rosen, Arye
245 ## - TITLE STATEMENT
Title High-power optically activated solid-state switches
Statement of responsibility, etc. Arye Rosen
260 ## - PUBLICATION, DISTRIBUTION, ETC.
Date of publication, distribution, etc. c 1994
650 ## - SUBJECT ADDED ENTRY--TOPICAL TERM
9 (RLIN) 1730
Topical term or geographic name entry element Power electronics
General subdivision EL, EE
942 ## - ADDED ENTRY ELEMENTS (KOHA)
Source of classification or shelving scheme
Koha item type Book
Holdings
Withdrawn status Lost status Source of classification or shelving scheme Damaged status Not for loan Permanent Location Current Location Shelving location Date acquired Total Checkouts Full call number Barcode Date last seen Price effective from Koha item type
          Pakistan Navy Engineering College (PNEC) Pakistan Navy Engineering College (PNEC)       621.381537 ROS PNECLIB-017456 09/19/2015   Book
© 2023 Central Library, National University of Sciences and Technology. All Rights Reserved.